Sports Quiz

Random Sports Quiz
Score 0/24 Timer 05:00
0 Plays Today
Player Answer % Correct
QuarterbackRyan Tannehill
90.7%
Wide RecieverDeVante Parker
86%
Wide Reciever Kenny Stills
69.8%
Running BackFrank Gore
60.5%
Tight EndMike Gesicki
60.5%
Left EndCameron Wake
58.1%
Corner BackXavien Howard
55.8%
Left TackleLaremy Tunsil
51.2%
Right Outside LinebackerJerome Baker
48.8%
SafetyReshad Jones
48.8%
KickerJason Sanders
46.5%
Left Outside LinebackerKiko Alonso
41.9%
Player Answer % Correct
PunterMatt Haack
41.9%
Right GuardJesse Davis
34.9%
Defensive TackleDavon Godchaux
34.9%
Middle LinebackerRaekwon Mcmillan
34.9%
Wide RecieverDanny Amendola
32.6%
Corner BackBobby McCain
32.6%
Right EndRobert Quinn
27.9%
SafetyT.J McDonald
27.9%
Right Tackle Jawuan James
16.3%
Left GuardTed Larsen
14%
Defensive TackleAkeem Spence
11.6%
CenterTravis Swanson
9.3%
Remove Ads.
Support Sporcle.
Get the best of Sporcle when you Go Orange. This ad-free experience offers more features, more stats, and more fun while also helping to support Sporcle. Thank you for becoming a member.

You're not logged in!

Compare scores with friends on all Sporcle quizzes.
OR
Log In

Show Comments

Extras

Top Quizzes Today


Score Distribution

Your Account Isn't Verified!

In order to create a playlist on Sporcle, you need to verify the email address you used during registration. Go to your Sporcle Settings to finish the process.

Report this User

Report this user for behavior that violates our Community Guidelines.

Details: